000
00313nam a22001337a 4500
008
170929b xxu||||| |||| 00| 0 eng d
020
_a
0023692502
041
_a
eng
080
_a
37
100
_a
47
101
_a
EDU
245
_a
HOW TO READ RESEARCH AND UNDERSTANDT
_c
LEEDY.P.D
942
_2
udc
_c
BK
999
_c
30888
_d
30888